Operator spaces

Αποθηκεύτηκε σε:
Λεπτομέρειες βιβλιογραφικής εγγραφής
Κύριος συγγραφέας: Effros, Edward G.
Άλλοι συγγραφείς: Ruan, Zhong-Jin
Μορφή: Βιβλίο
Γλώσσα:English
Δημοσίευση: Oxford : New York : Clarendon Press ;, Oxford University Press, 2000
Σειρά:Oxford science publications
London Mathematical Society monographs ; new series ; ; 23
Θέματα:
Ετικέτες: Προσθήκη ετικέτας
Δεν υπάρχουν, Καταχωρήστε ετικέτα πρώτοι!

MARC

LEADER 00000nam a2200000 i 4500
001 1/29777
008 021128s2000 eng d
020 |a 0-19-853482-5 
035 |l 10068862 
040 |a GR-MY-UA  |b gre  |e aacr 
041 0 |a eng 
082 0 |a 515.732 
100 1 |a Effros, Edward G. 
245 1 0 |a Operator spaces /  |c Edward G. Effros and Zhong-Jin Ruan 
260 |a Oxford :   |a New York :   |b Clarendon Press ;,   |b Oxford University Press,   |c 2000 
300 |a xvi, 363 p.;  |b ill.;  |c 25 cm. 
490 1 |a Oxford science publications 
490 1 |a London mathematical society monographs new series  |v ; 23 
504 |a Includes bibliographical references and index 
650 0 0 |a Banach spaces. 
650 0 0 |a Quantum theory. 
700 1 |a Ruan, Zhong-Jin. 
830 0 |a Oxford science publications 
830 0 |a London Mathematical Society monographs ; new series ;  |v ; 23 
852 |a INST  |b SAMOS  |e 20021128  |h 515.732 EFF  |p 005300024352  |q 005300024352  |t BK  |y 0 
901 |a BIBL3-2002-3 
909 |a Σ  |b 103025 
922 |a 3ΕΛΗ  |b 200210  |c ΕΠΕΑΕΚ2/ΤΜΗΜΑ ΜΑΘΗΜΑΤΙΚΩΝ  |d ΠΑΠΑΣΩΤΗΡΙΟΥ 
970 |a ΚΟΣΙΕΡΗΣ  |b ΧΡΗΣΤΟΣ  |z 2002/11/28